BIBLIOTECA PODER JUDICIAL
Portal Judicial TDF

Otra mirada al contrato de seguro / (Registro nro. 5474)

000 -LEADER
fixed length control field 01060nab a22002417a 4500
003 - CONTROL NUMBER IDENTIFIER
control field OSt
005 - DATE AND TIME OF LATEST TRANSACTION
control field 20251123222923.0
008 - FIXED-LENGTH DATA ELEMENTS--GENERAL INFORMATION
fixed length control field 190603e xxum|||| |||| 00| 0 spa d
040 ## - CATALOGING SOURCE
Transcribing agency PJ
100 ## - MAIN ENTRY--PERSONAL NAME
9 (RLIN) 5576
Personal name Barbón Lacambra, José Antonio
245 10 - TITLE STATEMENT
Title Otra mirada al contrato de seguro /
Statement of responsibility, etc José Antonio Barbón Lacambra.
260 ## - PUBLICATION, DISTRIBUTION, ETC. (IMPRINT)
Date of publication, distribution, etc Ciudad Autónoma de Buenos Aires :
Place of publication, distribution, etc Thomson Reuters La Ley,
Name of publisher, distributor, etc 2025.
300 ## - PHYSICAL DESCRIPTION
Extent p. 317-333
500 ## - GENERAL NOTE
General note Cita Online: TR LALEY AR/DOC/24/2025
505 ## - FORMATTED CONTENTS NOTE
Formatted contents note Sumario: I. Introducción.— II. El contrato de seguro.— III. Elementos del contrato de seguro.— IV. Derechos, obligaciones y cargas de las partes.
505 ## - FORMATTED CONTENTS NOTE
Title ¿Te interesa el texto completo? Solicitalo al correo: koha@justierradelfuego.gov.ar<br/>
650 #0 - SUBJECT ADDED ENTRY--TOPICAL TERM
9 (RLIN) 1497
Topical term or geographic name as entry element CODIGO CIVIL Y COMERCIAL
650 #0 - SUBJECT ADDED ENTRY--TOPICAL TERM
9 (RLIN) 3463
Topical term or geographic name as entry element CONTRATOS
650 #0 - SUBJECT ADDED ENTRY--TOPICAL TERM
9 (RLIN) 1921
Topical term or geographic name as entry element SEGUROS
650 #0 - SUBJECT ADDED ENTRY--TOPICAL TERM
9 (RLIN) 3571
Topical term or geographic name as entry element PÓLIZA
773 0# - HOST ITEM ENTRY
Host Biblionumber 2713
Host Itemnumber 3170
Place, publisher, and date of publication Ciudad Autónoma de Buenos Aires : Thomson Reuters La Ley, 2015-
Title Revista Código Civil y Comercial. Nº 2 - Abril 2025
942 ## - ADDED ENTRY ELEMENTS (KOHA)
Source of classification or shelving scheme
Koha item type Analítica Artículo de Revista

No hay ítems disponibles.

12 de Octubre 789 Ushuaia - Tel:  54(02901)441571
Horario de Atención: 8.00 a 17.00 hs. 
bibliotecaush@justierradelfuego.gov.ar
koha@justierradelfuego.gov.ar
Seguinos en nuestras redes @bibliojustdf 

Con tecnología Koha